Normal view
MARC view
Entry Personal Name
001 - CONTROL NUMBER
- control field: 27422
003 - CONTROL NUMBER IDENTIFIER
- control field: dpl
005 - DATE AND TIME OF LATEST TRANSACTION
- control field: 20110421151811.0
008 - FIXED-LENGTH DATA ELEMENTS
- fixed length control field: 110421|||a|||||| | ||| d
040 ## - CATALOGING SOURCE
- Original cataloging agency: dpl
- Transcribing agency: dpl
100 ## - HEADING--PERSONAL NAME
- Personal name: आनन्द, कान्ता
670 ## - SOURCE DATA FOUND
- Source citation: Work cat.: (dpl)42088: आनन्द, कान्ता, हिन्दी निबन्ध एंव पत्र-लेखन /, 2010
670 ## - SOURCE DATA FOUND
- Source citation: Work cat.: (dpl)42088: आनन्द, कान्ता, हिन्दी निबन्ध एंव पत्र-लेखन /, 2010
